• 首页
  • 本馆介绍
  • 公告通知
  • 最新文献
  • 馆藏检索
  • 电子资源
  • 读者导购
  • 参考咨询
  • 我的图书馆
  • 登录
  • 详细信息显示
  • 放入我的书架
  • 预约/预借图书
  • 作者相关作品
  • 分类相关作品
  • 丛书相关作品
  • 出版社相关作品

书目信息

  • 表格格式
  • 工作单格式
  • 卡片格式
题名:
教师怎样进行反思与写案例和论文
    
 
作者: 潘海燕 , 何晶 主编
分册:  
出版信息: 北京   中国轻工业出版社  2007
页数: 132页
开本: 23cm
丛书名: 中小学新课程教学问题探究和教师专业发展系列丛书
单 册:
中图分类: G415.2
科图分类:
主题词: 师资培养--研究
电子资源:
ISBN: 978-7-5019-5947-1
000 00933oam2 2200265 450
001 100428378302
005 20110224091613.51
010    @a978-7-5019-5947-1@dCNY15.00
100    @a20070327d2007 em y0chiy0110 ea
101 0  @achi
102    @aCN@b110000
105    @ay z 000yy
106    @ar
200 1  @a教师怎样进行反思与写案例和论文@9jiao shi zen yang jin xing fan si yu xie an li he lun wen@f潘海燕,何晶主编
210    @a北京@c中国轻工业出版社@d2007
215    @a132页@d23cm
225 2  @a中小学新课程教学问题探究和教师专业发展系列丛书
330    @a本书共分三章,介绍了中小学教师如何开展教育反思、如何写教育案例、如何写教育论文。
410  0 @12001 @a中小学新课程教学问题探究和教师专业发展系列丛书
606 0  @a师资培养@x研究
690    @aG415.2@v4
701  0 @a潘海燕@9pan hai yan@c(教育)@4主编
701  0 @a何晶@9he jing@4主编
801  0 @aCN@bNLC@c20110224
905    @b205975621-658@h597562-65@dG415.2@e41@f4
    
    教师怎样进行反思与写案例和论文/潘海燕,何晶主编.-北京:中国轻工业出版社,2007
    132页;23cm.-(中小学新课程教学问题探究和教师专业发展系列丛书)
    
    
    ISBN 978-7-5019-5947-1:CNY15.00
    本书共分三章,介绍了中小学教师如何开展教育反思、如何写教育案例、如何写教育论文。
●
相关链接 在E读中查询图书 在五车中查询图书 在当当中查询图书 在豆瓣中查询图书


正题名:教师怎样进行反思与写案例和论文     索取号:G415.2/41         预约/预借

序号 登录号 条形码 馆藏地/架位号 状态 备注
1 597562   205975621   第一样本阅览室/ [索取号:G415.2/41] 在馆    
2 597563   205975630   第四借阅区/ [索取号:G415.2/41] 在馆    
3 597564   205975649   第四借阅区/ [索取号:G415.2/41] 在馆    
4 597565   205975658   第四借阅区/ [索取号:G415.2/41] 在馆    
欢迎您!
大连网信软件有限公司© 版权所有